<?xml version="1.0" encoding="UTF-8"?>
<record
    xmlns:xsi="http://www.w3.org/2001/XMLSchema-instance"
    xsi:schemaLocation="http://www.loc.gov/MARC21/slim http://www.loc.gov/standards/marcxml/schema/MARC21slim.xsd"
    xmlns="http://www.loc.gov/MARC21/slim">

  <leader>01367nam a22002537a 4500</leader>
  <controlfield tag="005">20220225102033.0</controlfield>
  <controlfield tag="008">220225b           ||||| |||| 00| 0 eng d</controlfield>
  <datafield tag="040" ind1=" " ind2=" ">
    <subfield code="c">Aloy</subfield>
  </datafield>
  <datafield tag="041" ind1=" " ind2=" ">
    <subfield code="a">kan</subfield>
  </datafield>
  <datafield tag="082" ind1=" " ind2=" ">
    <subfield code="2">23</subfield>
    <subfield code="a">032.02K</subfield>
    <subfield code="b">SINS</subfield>
  </datafield>
  <datafield tag="100" ind1=" " ind2=" ">
    <subfield code="a">Ishwar Singh: &#xC88;&#xCB6;&#xCCD;&#xCB5;&#xCB0;&#xCCD; &#xCB8;&#xCBF;&#xC82;&#xC97;&#xCCD;</subfield>
    <subfield code="9">21957</subfield>
  </datafield>
  <datafield tag="100" ind1=" " ind2=" ">
    <subfield code="d">Gita Shrinivasan: &#xC97;&#xCC0;&#xCA4;&#xCBE; &#xCB6;&#xCCD;&#xCB0;&#xCC0;&#xCA8;&#xCBF;&#xCB5;&#xCBE;&#xCB8;&#xCA8;&#xCCD; </subfield>
    <subfield code="9">21944</subfield>
  </datafield>
  <datafield tag="245" ind1=" " ind2=" ">
    <subfield code="a">Sunstar Margadarshi Sarkari Pradhyapakara Nemakati Parikshe: &#xCB8;&#xCA8;&#xCCD; &#xCB8;&#xCCD;&#xC9F;&#xCBE;&#xCB0;&#xCCD; &#xCAE;&#xCBE;&#xCB0;&#xCCD;&#xC97;&#xCA6;&#xCB0;&#xCCD;&#xCB6;&#xCBF;  &#xCB8;&#xCB0;&#xCCD;&#xC95;&#xCBE;&#xCB0;&#xCBF; &#xCAA;&#xCCD;&#xCB0;&#xCA5;&#xCAE;  &#xCA6;&#xCB0;&#xCCD;&#xC9C;&#xCC6; &#xC95;&#xCBE;&#xCB2;&#xCC7;&#xC9C;&#xCC1;&#xC97;&#xCB3;  &#xCA8;&#xCC7;&#xCAE;&#xC95;&#xCBE;&#xCA4;&#xCBF; &#xCAA;&#xCB0;&#xCC0;&#xC95;&#xCCD;&#xCB7;&#xCC6;;</subfield>
    <subfield code="b">Patrike 1 Kannada Patrike 2 English: &#xCAA;&#xCA4;&#xCCD;&#xCB0;&#xCBF;&#xC95;&#xCC6; &#xCE7; &#xCAA;&#xCA4;&#xCCD;&#xCB0;&#xCBF;&#xC95;&#xCC6; &#xCE8;</subfield>
  </datafield>
  <datafield tag="260" ind1=" " ind2=" ">
    <subfield code="a">Bangalore</subfield>
    <subfield code="b">Sunstar Publisher</subfield>
    <subfield code="c">2021</subfield>
  </datafield>
  <datafield tag="300" ind1=" " ind2=" ">
    <subfield code="a">x,158 p.</subfield>
    <subfield code="b">PB</subfield>
    <subfield code="c">24x18 cm.</subfield>
  </datafield>
  <datafield tag="365" ind1=" " ind2=" ">
    <subfield code="2">Competitive Exam</subfield>
    <subfield code="a">6048</subfield>
    <subfield code="b">220.00</subfield>
    <subfield code="c">&#x20B9;</subfield>
    <subfield code="d">275.00</subfield>
    <subfield code="e">20%</subfield>
    <subfield code="f">24-02-2022</subfield>
  </datafield>
  <datafield tag="520" ind1=" " ind2=" ">
    <subfield code="a"> </subfield>
  </datafield>
  <datafield tag="650" ind1=" " ind2=" ">
    <subfield code="a">KEA: &#xC95;&#xCC6;&#xC87;&#xC8E; </subfield>
    <subfield code="9">21945</subfield>
  </datafield>
  <datafield tag="650" ind1=" " ind2=" ">
    <subfield code="a">Karnataka Examination Authority: &#xC95;&#xCA8;&#xCCD;&#xCA8;&#xCA1; &#xCB6;&#xCBF;&#xC95;&#xCCD;&#xCB7;&#xCA3; &#xCAA;&#xCCD;&#xCB0;&#xCBE;&#xCA7;&#xCBF;&#xC95;&#xCBE;&#xCB0; </subfield>
    <subfield code="9">21946</subfield>
  </datafield>
  <datafield tag="650" ind1=" " ind2=" ">
    <subfield code="a">Competitive Exam:  &#xC95;&#xCBE;&#xC82;&#xCAA;&#xCBF;&#xC9F;&#xCBF;&#xC9F;&#xCBF;&#xCB5;&#xCCD; &#xC8E;&#xC95;&#xCCD;&#xCB8;&#xCBE;&#xCAE;&#xCCD; </subfield>
    <subfield code="9">21947</subfield>
  </datafield>
  <datafield tag="700" ind1=" " ind2=" ">
    <subfield code="a">SINGH (Ishwar): &#xCB8;&#xCBF;&#xC82;&#xC97;&#xCCD;  (&#xC88;&#xCB6;&#xCCD;&#xCB5;&#xCB0;&#xCCD;)</subfield>
    <subfield code="9">21948</subfield>
  </datafield>
  <datafield tag="700" ind1=" " ind2=" ">
    <subfield code="a">Gita Shrinivasan: &#xCB6;&#xCCD;&#xCB0;&#xCC0;&#xCA8;&#xCBF;&#xCB5;&#xCBE;&#xCB8;&#xCA8;&#xCCD; (&#xC97;&#xCC0;&#xCA4;&#xCBE;)</subfield>
    <subfield code="9">21949</subfield>
  </datafield>
  <datafield tag="942" ind1=" " ind2=" ">
    <subfield code="2">ddc</subfield>
    <subfield code="c">BK</subfield>
  </datafield>
  <datafield tag="999" ind1=" " ind2=" ">
    <subfield code="c">221621</subfield>
    <subfield code="d">221621</subfield>
  </datafield>
  <datafield tag="952" ind1=" " ind2=" ">
    <subfield code="0">0</subfield>
    <subfield code="1">0</subfield>
    <subfield code="2">ddc</subfield>
    <subfield code="4">0</subfield>
    <subfield code="7">0</subfield>
    <subfield code="8">OTH</subfield>
    <subfield code="a">AL</subfield>
    <subfield code="b">AL</subfield>
    <subfield code="d">2022-02-24</subfield>
    <subfield code="e">Biblios Book Point, Surathkal, Mangalore-575014</subfield>
    <subfield code="g">220.00</subfield>
    <subfield code="l">2</subfield>
    <subfield code="o">032.02K SINS</subfield>
    <subfield code="p">075526</subfield>
    <subfield code="r">2023-08-24 00:00:00</subfield>
    <subfield code="s">2023-07-01</subfield>
    <subfield code="v">275.00</subfield>
    <subfield code="w">2022-02-25</subfield>
    <subfield code="y">BK</subfield>
  </datafield>
  <datafield tag="952" ind1=" " ind2=" ">
    <subfield code="0">0</subfield>
    <subfield code="1">0</subfield>
    <subfield code="2">ddc</subfield>
    <subfield code="4">0</subfield>
    <subfield code="7">0</subfield>
    <subfield code="8">OTH</subfield>
    <subfield code="a">AL</subfield>
    <subfield code="b">AL</subfield>
    <subfield code="d">2022-02-24</subfield>
    <subfield code="e">Biblios Book Point, Surathkal, Mangalore-575016</subfield>
    <subfield code="g">220.00</subfield>
    <subfield code="l">1</subfield>
    <subfield code="o">032.02K SINS</subfield>
    <subfield code="p">075527</subfield>
    <subfield code="r">2022-03-15 00:00:00</subfield>
    <subfield code="s">2022-02-25</subfield>
    <subfield code="v">275.00</subfield>
    <subfield code="w">2022-02-25</subfield>
    <subfield code="y">BK</subfield>
  </datafield>
</record>
